Logo BPK

Biblioteka

Politechniki Koszalińskiej

Zadania z elektrochemii / (Rekord nr 17278)

Szczegóły MARC
000 -ETYKIETA REKORDU
podpole kontrolne o stałej długości 00390nam a2200157 i 4500
001 - NUMER KONTROLNY REKORDU
pole kontrolne bg
040 ## - ŹRÓDŁO KATALOGOWANIA
Instytucja, która utworzyła rekord BPK
041 ## - KOD JĘZYKA
Kod języka tekstu pol
080 ## - UNIWERSALNA KLASYFIKACJA DZIESIĘTNA - UKD
UKD 541.1
008 - POLE O STAŁEJ DŁUGOŚCI - DANE KONTROLNE
podpole kontrolne o stałej długości s pl f |000 0 pol
100 1# - NAZWA OSOBOWA
Nazwa osobowa BOCKRIS, John O`M.
245 #0 - TYTUŁ/ODPOWIEDZIALNOŚĆ
Tytuł Zadania z elektrochemii /
Pozostałe elementy strefy tytułu i oznaczenia odpowiedzialności John O`M. Bockris, Ronald A. Fredlein.
260 ## - STREFA ADRESU WYDAWNICZEGO
Miejsce wydania Warszawa,
Data publikacji, dystrybucji/powstania dokumentu 1977.
700 1# - HASŁO DODATKOWE - NAZWA OSOBOWA
Nazwa osobowa FREDLEIN, Ronald A.
856 ## - LOKALIZACJA I DOSTĘP DO ELEKTRONICZNYCH DOKUMENTÓW ZDALNYCH
Link (URL) http://koha.tu.koszalin.pl/cgi-bin/koha/opac-detail.pl?biblionumber=17278
Tekst linku Katalog online BPK
942 ## - DODATKOWE ELEMENTY (KOHA)
Typ dokumentu Książka
Egzemplarze
Wycofany Status egzemplarza Uszkodzony Dostępność Lokalizacja stała Lokalizacja bieżąca Miejsce przechowywania Sygnatura Kod kreskowy Typ dokumentu
      Dostępny Biblioteka Politechniki Koszalińskiej Biblioteka Politechniki Koszalińskiej   21969 02139944 Książka
      Dostępny Biblioteka Politechniki Koszalińskiej Biblioteka Politechniki Koszalińskiej Wypożyczalnia BG 21970 01680355 Książka
© 2023 Biblioteka Politechniki Koszalińskiej :: KOHA